[Event "Thüringenliga 2013/2014"]
[Site "?"]
[Date "2013.09.15"]
[Round "1"]
[White "Wehner, Janis"]
[Black "Darr, Sascha"]
[Result "0-1"]
[WhiteElo "2171"]
[BlackElo "2087"]
[PlyCount "102"]
[EventDate "2013.??.??"]
[WhiteTeam "SV Medizin Erfurt"]
[BlackTeam "SV Jenapharm Jena"]

1. c4 Nf6 2. Nc3 e6 3. e4 d5 4. e5 Nfd7 5. d4 dxc4 6. Bxc4 Nb6 7. Bd3 Nc6 8.
Nf3 Be7 9. h4 h6 10. Be3 Nb4 11. Be4 N4d5 12. Bd2 Bd7 13. Rc1 Bc6 14. Qe2 Qd7
15. a3 Nxc3 16. Bxc6 Nxe2 17. Bxd7+ Kxd7 18. Kxe2 Nd5 19. Ne1 Rhd8 20. h5 Rac8
21. Nd3 Ke8 22. f4 Bf8 23. g4 Ne7 24. Be3 Nc6 25. Rc4 Rd5 26. Rhc1 Rcd8 27.
Rxc6 bxc6 28. Rxc6 Kd7 29. Ra6 Ra8 30. a4 c6 31. b4 Kc7 32. Nc5 Bxc5 33. dxc5
Kb7 34. b5 Rc8 35. Kf3 Rd3 36. Ke4 Ra3 37. f5 cxb5 38. axb5 Rxa6 39. bxa6+ Kxa6
40. f6 gxf6 41. exf6 Rg8 42. Kf3 Rh8 43. c6 Kb5 44. Bxa7 Kxc6 45. Kf4 Kd5 46.
Be3 Ra8 47. Bc1 Rc8 48. Bd2 Rc2 49. Be3 Rc4+ 50. Kf3 Rc3 51. Kf2 Rxe3 0-1

[Event "Thüringenliga 2013/2014"]
[Site "?"]
[Date "2013.09.15"]
[Round "1"]
[White "Holzschuh, Stephan"]
[Black "Zipfel, Frank"]
[Result "1-0"]
[WhiteElo "2240"]
[BlackElo "2034"]
[PlyCount "83"]
[EventDate "2013.??.??"]
[WhiteTeam "SV Medizin Erfurt"]
[BlackTeam "SV Jenapharm Jena"]

1. Nf3 Nf6 2. g3 g6 3. Bg2 Bg7 4. c4 d6 5. O-O c6 6. Nc3 e5 7. d3 O-O 8. Bd2 a5
9. Rb1 Na6 10. a3 Bd7 11. Ne1 Nc5 12. b4 axb4 13. axb4 Ne6 14. Nc2 Nd4 15. Na1
Ra3 16. e3 Ne6 17. Nb3 Ng5 18. e4 Bg4 19. f3 Nh3+ 20. Kh1 Be6 21. Qc1 Ra8 22.
f4 exf4 23. gxf4 Bg4 24. Qe1 Nh5 25. Qe3 N3xf4 26. Rxf4 Bh6 27. Qf2 Bxf4 28.
Bxf4 Qf6 29. h3 Qxc3 30. hxg4 Nxf4 31. Qxf4 Ra2 32. Qf1 f5 33. exf5 gxf5 34.
gxf5 Qc2 35. Qg1 Kf7 36. Nd4 Qd2 37. Qh2 Rg8 38. Rg1 Qxd3 39. Qh5+ Kf6 40. Qh6+
Ke5 41. Nf3+ Ke4 42. Qe6+ 1-0

[Event "Thüringenliga 2013/2014"]
[Site "?"]
[Date "2013.09.15"]
[Round "1"]
[White "Mucha, Annegret"]
[Black "Kirschbaum, Gunnar"]
[Result "0-1"]
[WhiteElo "1986"]
[BlackElo "2069"]
[PlyCount "80"]
[EventDate "2013.??.??"]
[WhiteTeam "SV Jenapharm Jena"]
[BlackTeam "SV Medizin Erfurt"]

1. e4 e5 2. Nf3 d6 3. Bc4 c6 4. Bb3 Nf6 5. d3 Be7 6. h3 O-O 7. O-O Nbd7 8. c3
d5 9. Nbd2 dxe4 10. Nxe4 Nxe4 11. dxe4 Qc7 12. Qe2 Nc5 13. Bc2 a5 14. Be3 b5
15. Rfd1 Be6 16. b3 f6 17. Ne1 Rfd8 18. Rxd8+ Rxd8 19. Rd1 Rd7 20. Rxd7 Qxd7
21. Qd2 Qxd2 22. Bxd2 a4 23. b4 Nb7 24. a3 Nd6 25. Bc1 Bc4 26. f3 Bd8 27. Be3
Bb3 28. Bd3 Kf7 29. Kf2 g6 30. Bc5 Ke6 31. Ke2 Nc4 32. Bxc4+ Bxc4+ 33. Kf2 f5
34. Nc2 fxe4 35. fxe4 Bd3 36. Ne3 Bxe4 37. c4 Bd3 38. cxb5 cxb5 39. Ng4 Kd5 40.
Ne3+ Ke4 0-1

[Event "Thüringenliga 2013/2014"]
[Site "?"]
[Date "2013.09.15"]
[Round "1"]
[White "Nguyen, Huy Dat"]
[Black "August, Daniel"]
[Result "1/2-1/2"]
[WhiteElo "1909"]
[BlackElo "1936"]
[PlyCount "36"]
[EventDate "2013.??.??"]
[WhiteTeam "SV Medizin Erfurt"]
[BlackTeam "SV Jenapharm Jena"]

1. e4 d6 2. d4 Nf6 3. Nc3 e5 4. Nf3 exd4 5. Nxd4 Be7 6. Be2 O-O 7. Be3 Re8 8.
O-O Bf8 9. Bg5 h6 10. Bxf6 Qxf6 11. Bc4 c6 12. a4 Nd7 13. Qd2 Ne5 14. Ba2 Qh4
15. Rae1 Ng4 16. Nf3 Qf6 17. Nd4 Qh4 18. Nf3 Qf6 1/2-1/2

[Event "Thüringenliga 2013/2014"]
[Site "?"]
[Date "2013.09.15"]
[Round "1"]
[White "Krabel, Stefan"]
[Black "Reichel, Norbert"]
[Result "1/2-1/2"]
[WhiteElo "1926"]
[BlackElo "2053"]
[PlyCount "49"]
[EventDate "2013.??.??"]
[WhiteTeam "SV Jenapharm Jena"]
[BlackTeam "SV Medizin Erfurt"]

1. e4 c5 2. Nf3 Nc6 3. d4 cxd4 4. Nxd4 g6 5. c4 Bg7 6. Be3 Nf6 7. Nc3 O-O 8.
Be2 d6 9. O-O Bd7 10. Qd2 Nxd4 11. Bxd4 Bc6 12. f3 a5 13. b3 Nd7 14. Be3 Nc5
15. Rab1 Qb6 16. Rfc1 Rfc8 17. Rc2 Qd8 18. Bf1 Be5 19. a3 Qf8 20. b4 axb4 21.
axb4 Na4 22. Nxa4 Rxa4 23. b5 Bd7 24. c5 Qe8 25. cxd6 1/2-1/2

[Event "Thüringenliga 2013/2014"]
[Site "?"]
[Date "2013.09.15"]
[Round "1"]
[White "Jakob, Matthias"]
[Black "Wolf, Isaak"]
[Result "0-1"]
[WhiteElo "1916"]
[BlackElo "1968"]
[PlyCount "98"]
[EventDate "2013.??.??"]
[WhiteTeam "SV Medizin Erfurt"]
[BlackTeam "SV Jenapharm Jena"]

1. d4 f5 2. Bg5 Nf6 3. Bxf6 exf6 4. e3 d5 5. Bd3 Be6 6. Ne2 Qd7 7. Nd2 Bd6 8.
c3 O-O 9. Qc2 Nc6 10. O-O-O Ne7 11. h4 b6 12. Nf4 Bxf4 13. exf4 c5 14. dxc5
bxc5 15. Nf1 d4 16. c4 Nc6 17. a3 Na5 18. g4 Qc7 19. gxf5 Bf7 20. Nd2 Rab8 21.
Kb1 Rb6 22. Ka2 Rfb8 23. Rb1 Qd7 24. Rhg1 Kh8 25. Rg3 Nc6 26. Be4 Ra6 27. Bxc6
Rxc6 28. Rbg1 Rg8 29. Qe4 Rcc8 30. Rb3 Rge8 31. Qg2 Bg8 32. Ka1 Rb8 33. Qg3
Rxb3 34. Nxb3 Rc8 35. Nd2 Rc7 36. Qd3 Qd6 37. Qg3 Re7 38. Ne4 Qc6 39. Nd2 Qe8
40. f3 Qa4 41. Re1 Rxe1+ 42. Qxe1 Bxc4 43. Nxc4 Qxc4 44. Qe8+ Qg8 45. Qe7 Qc8
46. Qd6 h6 47. Qd5 Qe8 48. Qxc5 Qe1+ 49. Ka2 d3 0-1

[Event "Thüringenliga 2013/2014"]
[Site "?"]
[Date "2013.09.15"]
[Round "1"]
[White "Mißbach, Bernd"]
[Black "Fischer, Dennis"]
[Result "1-0"]
[WhiteElo "1896"]
[BlackElo "1889"]
[PlyCount "65"]
[EventDate "2013.??.??"]
[WhiteTeam "SV Jenapharm Jena"]
[BlackTeam "SV Medizin Erfurt"]

1. Nf3 Nf6 2. d4 g6 3. c4 Bg7 4. Nc3 d6 5. e4 O-O 6. h3 c6 7. Be3 Qc7 8. Rc1
Nbd7 9. Be2 e5 10. dxe5 dxe5 11. O-O Rd8 12. Qc2 Nf8 13. b4 Ne6 14. Rfd1 Rxd1+
15. Rxd1 b6 16. a3 Bb7 17. c5 b5 18. Rd2 a5 19. Qb2 a4 20. Bd1 h6 21. Bc2 Rd8
22. Ne2 Bc8 23. Qxe5 Rxd2 24. Bxd2 Qd8 25. Qd6 Qxd6 26. cxd6 Ne8 27. e5 g5 28.
Bc3 Bd7 29. g4 f6 30. exf6 Bf8 31. Bg6 Nxd6 32. Ne5 Be8 33. Bxe8 1-0

[Event "Thüringenliga 2013/2014"]
[Site "?"]
[Date "2013.10.20"]
[Round "2"]
[White "Wehner, Janis"]
[Black "Vökler, Bernd"]
[Result "1/2-1/2"]
[WhiteElo "2138"]
[BlackElo "2320"]
[PlyCount "47"]
[EventDate "2013.??.??"]
[WhiteTeam "SV Medizin Erfurt"]
[BlackTeam "Erfurter Schachklub"]

1. e4 c5 2. Nf3 e6 3. d4 cxd4 4. Nxd4 a6 5. Bd3 Qc7 6. c4 Nf6 7. Nc3 d6 8. O-O
Be7 9. Qe2 Nc6 10. Nc2 Ne5 11. Ne3 Nxd3 12. Qxd3 O-O 13. b3 Bd7 14. Bb2 Bc6 15.
Rac1 Qa5 16. Rfe1 Qh5 17. Nf1 Qg6 18. Ng3 d5 19. cxd5 exd5 20. Nf5 Bb4 21. exd5
Bd7 22. Ne7+ Bxe7 23. Qxg6 hxg6 24. Rxe7 1/2-1/2

[Event "Thüringenliga 2013/2014"]
[Site "?"]
[Date "2013.10.20"]
[Round "2"]
[White "Brüggemann, Joachim"]
[Black "Hausknecht, Matthias"]
[Result "1/2-1/2"]
[WhiteElo "2253"]
[BlackElo "2137"]
[PlyCount "35"]
[EventDate "2013.??.??"]
[WhiteTeam "Erfurter Schachklub"]
[BlackTeam "SV Medizin Erfurt"]

1. e4 e5 2. Nf3 d6 3. d4 Nc6 4. Bb5 Bd7 5. Nc3 Nf6 6. Bg5 exd4 7. Nxd4 Be7 8.
Nf5 Bxf5 9. exf5 O-O 10. O-O Ne5 11. h3 c6 12. Be2 d5 13. Kh1 Re8 14. Bf4 Bd6
15. Qd2 Qc7 16. Rad1 Nc4 17. Bxd6 Nxd6 18. Qf4 1/2-1/2

[Event "Thüringenliga 2013/2014"]
[Site "?"]
[Date "2013.10.20"]
[Round "2"]
[White "Holzschuh, Stephan"]
[Black "Steinacker, Alex"]
[Result "1/2-1/2"]
[WhiteElo "2240"]
[BlackElo "2140"]
[PlyCount "67"]
[EventDate "2013.??.??"]
[WhiteTeam "SV Medizin Erfurt"]
[BlackTeam "Erfurter Schachklub"]

1. e4 c5 2. Nf3 a6 3. c4 Nc6 4. Nc3 e5 5. d3 d6 6. Be3 g6 7. Be2 Bg7 8. Qd2 h6
9. h3 f5 10. g3 Nge7 11. Nh4 Nd4 12. exf5 Ndxf5 13. Nxf5 Nxf5 14. Bf3 O-O 15.
Bd5+ Kh7 16. h4 Nxe3 17. Qxe3 h5 18. Kf1 Bh6 19. Qe2 Qe7 20. Kg2 Bf5 21. Be4
Qf7 22. Raf1 Rab8 23. a4 Kg7 24. f3 Qd7 25. Rb1 Rf7 26. Bd5 Rff8 27. b4 b6 28.
Rb3 a5 29. bxa5 bxa5 30. Rhb1 Rb4 31. Rxb4 cxb4 32. Nb5 Bh3+ 33. Kh2 Bf5 34.
Kg2 1/2-1/2

[Event "Thüringenliga 2013/2014"]
[Site "?"]
[Date "2013.10.20"]
[Round "2"]
[White "Duzy, Stefan"]
[Black "Kirschbaum, Gunnar"]
[Result "1/2-1/2"]
[WhiteElo "1899"]
[BlackElo "2069"]
[PlyCount "41"]
[EventDate "2013.??.??"]
[WhiteTeam "Erfurter Schachklub"]
[BlackTeam "SV Medizin Erfurt"]

1. d4 d6 2. c4 e5 3. Nf3 Nd7 4. Nc3 Ngf6 5. e3 g6 6. Be2 Bg7 7. O-O O-O 8. b4
Re8 9. a4 a5 10. b5 exd4 11. exd4 Nf8 12. h3 Bf5 13. Be3 h6 14. Rc1 g5 15. Nd2
c6 16. Bf3 Qd7 17. Nb3 Ne4 18. Nxe4 Bxe4 19. Bxe4 Rxe4 20. Qd2 Ng6 21. f3
1/2-1/2

[Event "Thüringenliga 2013/2014"]
[Site "?"]
[Date "2013.10.20"]
[Round "2"]
[White "Nguyen, Huy Dat"]
[Black "Burkhardt, Kai"]
[Result "1/2-1/2"]
[WhiteElo "1896"]
[BlackElo "1728"]
[PlyCount "51"]
[EventDate "2013.??.??"]
[WhiteTeam "SV Medizin Erfurt"]
[BlackTeam "Erfurter Schachklub"]

1. e4 e5 2. Nf3 Nc6 3. Bb5 a6 4. Ba4 Nf6 5. d3 b5 6. Bb3 Be7 7. O-O O-O 8. Re1
d6 9. c3 Na5 10. Bc2 c5 11. Nbd2 Qc7 12. Nf1 Re8 13. Ng3 Nc6 14. h3 d5 15. Bg5
Be6 16. Nf5 Bxf5 17. exf5 d4 18. Bb3 Rad8 19. Qe2 h6 20. Bxf6 Bxf6 21. Qe4 Qd7
22. c4 Na5 23. Rec1 b4 24. Re1 Nb7 25. g4 Qc7 26. Ba4 1/2-1/2

[Event "Thüringenliga 2013/2014"]
[Site "?"]
[Date "2013.10.20"]
[Round "2"]
[White "Troyke, Doreen"]
[Black "Reichel, Norbert"]
[Result "1/2-1/2"]
[WhiteElo "1980"]
[BlackElo "2053"]
[PlyCount "108"]
[EventDate "2013.??.??"]
[WhiteTeam "Erfurter Schachklub"]
[BlackTeam "SV Medizin Erfurt"]

1. g3 Nf6 2. Bg2 g6 3. c4 Bg7 4. Nc3 O-O 5. d4 d6 6. Nf3 Nc6 7. O-O a6 8. Re1
Rb8 9. a3 b5 10. d5 Na5 11. cxb5 axb5 12. Nd4 Bd7 13. Qd3 Qe8 14. e4 c5 15.
dxc6 Nxc6 16. Nxc6 Bxc6 17. Nd5 Nd7 18. Bg5 Nc5 19. Qe3 Rb7 20. Rab1 Ne6 21.
Bh6 Qb8 22. Bxg7 Nxg7 23. Nb4 Bd7 24. Rbc1 Rc8 25. Nd5 Be6 26. Rxc8+ Qxc8 27.
Rc1 Qd8 28. Qc3 Ne8 29. Qb4 Bd7 30. e5 Rb8 31. exd6 Nxd6 32. Nf6+ exf6 33. Qxd6
Be6 34. Qxd8+ Rxd8 35. Bf1 Rd2 36. Bxb5 Rxb2 37. Bc4 Bxc4 38. Rxc4 Ra2 39. Rc8+
Kg7 40. Ra8 f5 41. Kg2 g5 42. h3 g4 43. h4 Kg6 44. a4 Kh5 45. Ra6 Ra1 46. Ra7
Kg6 47. Ra6+ f6 48. Ra8 f4 49. gxf4 Kf5 50. Ra6 h6 51. f3 gxf3+ 52. Kxf3 Ra3+
53. Kg2 Kxf4 54. Rxf6+ Kg4 1/2-1/2

[Event "Thüringenliga 2013/2014"]
[Site "?"]
[Date "2013.10.20"]
[Round "2"]
[White "Müller-Ludwig, Kristin"]
[Black "Friedt, Edmund"]
[Result "0-1"]
[WhiteElo "2059"]
[BlackElo "1877"]
[PlyCount "68"]
[EventDate "2013.??.??"]
[WhiteTeam "SV Medizin Erfurt"]
[BlackTeam "Erfurter Schachklub"]

1. e4 e5 2. Nf3 Nc6 3. Bb5 a6 4. Ba4 Nf6 5. O-O b5 6. Bb3 Be7 7. Re1 O-O 8. a4
Bb7 9. c3 d6 10. d4 Na5 11. Bc2 Re8 12. Nbd2 Bf8 13. Bd3 Bc6 14. axb5 axb5 15.
Qe2 Nc4 16. Rxa8 Qxa8 17. d5 Bb7 18. Nxc4 bxc4 19. Bxc4 c6 20. dxc6 Bxc6 21.
Bd3 d5 22. Nd2 Rd8 23. f3 Qa4 24. exd5 Nxd5 25. Nf1 Qh4 26. Qe4 Nf4 27. Qxh7+
Qxh7 28. Bxh7+ Kxh7 29. Rxe5 Nd3 30. Rh5+ Kg6 31. Rg5+ Kh7 32. Rh5+ Kg6 33.
Rg5+ Kf6 34. Bf4 Nxf4 0-1

[Event "Thüringenliga 2013/2014"]
[Site "?"]
[Date "2013.10.20"]
[Round "2"]
[White "Fischer, Dieter"]
[Black "Fischer, Dennis"]
[Result "1-0"]
[WhiteElo "1903"]
[BlackElo "1904"]
[PlyCount "89"]
[EventDate "2013.??.??"]
[WhiteTeam "Erfurter Schachklub"]
[BlackTeam "SV Medizin Erfurt"]

1. e4 d6 2. Nf3 Nf6 3. Nc3 g6 4. g3 Bg7 5. Bg2 O-O 6. O-O e5 7. d4 Nc6 8. d5
Ne7 9. h3 Ne8 10. Nh4 f5 11. exf5 gxf5 12. Bg5 Nf6 13. Qd2 Ng6 14. Nxg6 hxg6
15. Bh6 Nh5 16. Qg5 Qxg5 17. Bxg5 Bd7 18. a4 a6 19. a5 Rae8 20. Ra3 e4 21. Rb3
Bc8 22. Ne2 Be5 23. Re1 Nf6 24. c4 Nd7 25. Be3 Nc5 26. Bxc5 dxc5 27. Nf4 Bxf4
28. gxf4 Kf7 29. Rbe3 Bd7 30. Rb3 Rb8 31. f3 exf3 32. Bxf3 Rh8 33. Bg2 Rhe8 34.
Rxe8 Bxe8 35. d6 cxd6 36. Rxb7+ Rxb7 37. Bxb7 Ke7 38. Bxa6 Bc6 39. Bb5 Ba8 40.
Kf2 d5 41. cxd5 Bxd5 42. Kg3 Bb7 43. a6 Bd5 44. Be2 c4 45. a7 1-0

[Event "Thüringenliga 2013/2014"]
[Site "?"]
[Date "2013.10.20"]
[Round "2"]
[White "Pähtz, Thomas"]
[Black "Recknagel, Michael"]
[Result "0-1"]
[WhiteElo "2327"]
[BlackElo "2180"]
[PlyCount "68"]
[EventDate "2013.??.??"]
[WhiteTeam "Ilmenauer SV"]
[BlackTeam "SC Suhl"]

1. e4 c5 2. Nf3 e6 3. d4 cxd4 4. Nxd4 Qb6 5. Nb3 Qc7 6. Nc3 a6 7. a4 b6 8. Bd3
Nc6 9. O-O Nf6 10. f4 d6 11. Qf3 Bb7 12. Be3 Be7 13. Qg3 O-O 14. Rae1 Nb4 15.
f5 exf5 16. Bd4 f4 17. Rxf4 Nxd3 18. cxd3 d5 19. Qf2 dxe4 20. Bxb6 Qe5 21. Bd4
Qg5 22. Nxe4 Bxe4 23. dxe4 Rac8 24. Rf5 Qg6 25. h3 Rc4 26. a5 Rfc8 27. Re2 Nd7
28. Rf3 Qe6 29. Kh1 Bf6 30. Bxf6 Nxf6 31. e5 Ne4 32. Qe1 Nc5 33. Rc3 Rxc3 34.
bxc3 Qxb3 0-1

[Event "Thüringenliga 2013/2014"]
[Site "?"]
[Date "2013.10.20"]
[Round "2"]
[White "Silberschlag, Jörg"]
[Black "Zehnter, Sebastian"]
[Result "0-1"]
[WhiteElo "2088"]
[BlackElo "2199"]
[PlyCount "152"]
[EventDate "2013.??.??"]
[WhiteTeam "SC Suhl"]
[BlackTeam "Ilmenauer SV"]

1. e4 c5 2. Nc3 e6 3. g3 a6 4. Bg2 b5 5. Nge2 Bb7 6. O-O b4 7. Na4 Nf6 8. d3 d6
9. f4 Nbd7 10. h3 h5 11. Be3 Qa5 12. b3 Qc7 13. c3 a5 14. Qc2 Rc8 15. Rac1 Qb8
16. Bf2 Be7 17. Nb2 d5 18. e5 Ng8 19. Qd2 h4 20. g4 g5 21. d4 bxc3 22. Rxc3
gxf4 23. Qxf4 Ba6 24. Nd3 Rh7 25. Qc1 Bxd3 26. Rxd3 cxd4 27. Qb1 Nxe5 28. Rxd4
Rg7 29. Nf4 Bc5 30. Nh5 Rg6 31. Re1 Ne7 32. Rf4 Bxf2+ 33. Rxf2 N7c6 34. Nf6+
Kd8 35. Kh1 Qa7 36. Ref1 Rc7 37. a3 Qd4 38. Rf4 Qd3 39. b4 Qxb1 40. Rxb1 axb4
41. axb4 Nd3 42. Nxd5 exd5 43. Rf5 Ncxb4 44. Bxd5 Ke8 45. Bb3 Rh6 46. Ra1 Kf8
47. g5 Rg6 48. Raf1 Rg7 49. g6 Rxg6 50. Bxf7 Rg7 51. Bh5+ Ke7 52. Rf7+ Ke6 53.
Bg4+ Ke5 54. Rf8 Rh7 55. Re8+ Rce7 56. Rd8 Rhf7 57. Rf8 Rxf1+ 58. Rxf1 Nf4 59.
Re1+ Kf6 60. Rxe7 Kxe7 61. Kh2 Kf6 62. Bc8 Ke5 63. Bd7 Kd4 64. Bc8 Ke3 65. Kg1
Kf3 66. Bb7+ Kg3 67. Bc8 Nbd3 68. Bf5 Nf2 69. Bc8 N2xh3+ 70. Kf1 Nf2 71. Kg1
Ng4 72. Bb7 h3 73. Kf1 h2 74. Bh1 Ng6 75. Ke2 Nh4 76. Kf1 Nf2 0-1

[Event "Thüringenliga 2013/2014"]
[Site "?"]
[Date "2013.10.20"]
[Round "2"]
[White "Mehlhorn, Uwe"]
[Black "Berghof, Axel"]
[Result "1/2-1/2"]
[WhiteElo "2066"]
[BlackElo "2015"]
[PlyCount "36"]
[EventDate "2013.??.??"]
[WhiteTeam "Ilmenauer SV"]
[BlackTeam "SC Suhl"]

1. e4 e5 2. Nf3 Nc6 3. Bb5 a6 4. Bxc6 dxc6 5. d4 exd4 6. Qxd4 Qxd4 7. Nxd4 Bd7
8. O-O O-O-O 9. Nb3 f6 10. Be3 b6 11. N1d2 Ne7 12. Rfe1 Ng6 13. f3 Ne5 14. Rad1
c5 15. Nf1 Be7 16. Bc1 Be6 17. Ne3 Rxd1 18. Rxd1 Rd8 1/2-1/2

[Event "Thüringenliga 2013/2014"]
[Site "?"]
[Date "2013.10.20"]
[Round "2"]
[White "Feld-Gerdes, Wolfgang"]
[Black "Sukaylo, Aleksey"]
[Result "1-0"]
[WhiteElo "1997"]
[BlackElo "2006"]
[PlyCount "115"]
[EventDate "2013.??.??"]
[WhiteTeam "SC Suhl"]
[BlackTeam "Ilmenauer SV"]

1. e4 e5 2. Nf3 Nc6 3. d4 exd4 4. Bc4 Nf6 5. e5 d5 6. Bb5 Ne4 7. Nxd4 Bd7 8.
Bxc6 bxc6 9. O-O Bc5 10. f3 Ng5 11. f4 Ne4 12. Be3 O-O 13. Nd2 Nxd2 14. Qxd2
Re8 15. Qc3 Bb6 16. Nb3 Qh4 17. Nc5 Bf5 18. Rf2 Qh5 19. Re1 Qg6 20. Bd4 h5 21.
Re3 h4 22. h3 Qh5 23. Kh2 a5 24. a4 Rad8 25. g4 hxg3+ 26. Rxg3 Bxc5 27. Qxc5
Re6 28. Qxa5 Rg6 29. Qc3 Rxg3 30. Qxg3 Be4 31. e6 g6 32. exf7+ Kxf7 33. Qg5
Qxg5 34. fxg5+ Bf5 35. b4 Ra8 36. a5 Ke6 37. Re2+ Be4 38. Kg3 Kf5 39. h4 Ra6
40. Rf2+ Ke6 41. Rf6+ Ke7 42. Bc5+ Ke8 43. c3 Bd3 44. Kf4 Kd7 45. Ke5 Kc8 46.
h5 gxh5 47. g6 Kb7 48. g7 Bh7 49. Rh6 Bg8 50. Rxh5 Ra8 51. Be7 Re8 52. Kf6 Kc8
53. Re5 Kb7 54. Bc5 Rd8 55. Ke7 Kc8 56. a6 Rd7+ 57. Kf8 Kd8 58. Re8# 1-0

[Event "Thüringenliga 2013/2014"]
[Site "?"]
[Date "2013.10.20"]
[Round "2"]
[White "Rempel, Patrick"]
[Black "Koch, Stefan"]
[Result "1-0"]
[WhiteElo "2035"]
[BlackElo "1862"]
[PlyCount "107"]
[EventDate "2013.??.??"]
[WhiteTeam "Ilmenauer SV"]
[BlackTeam "SC Suhl"]

1. Nf3 d5 2. g3 Nd7 3. d4 e6 4. Bg2 f5 5. O-O Ngf6 6. Ne1 Be7 7. c4 c6 8. Qc2
O-O 9. Nd2 Qe8 10. Nd3 g5 11. f3 Qg6 12. Re1 Bd8 13. b3 Bb6 14. Bb2 g4 15. Nf4
Qf7 16. Kh1 Re8 17. Nd3 Nf8 18. Ne5 Qg7 19. fxg4 Nxg4 20. Nxg4 Qxg4 21. Nf3 Nd7
22. Rf1 Nf6 23. Ne5 Qg5 24. Rf4 h5 25. Raf1 Ng4 26. Qd2 Nxe5 27. dxe5 Re7 28.
Bf3 Rg7 29. Bc1 Bd7 30. Qd1 Be8 31. cxd5 cxd5 32. e4 dxe4 33. Bxe4 Qe7 34. Bf3
Rd8 35. Qe2 a6 36. a4 Rh7 37. Rh4 Rc8 38. Be3 Bxe3 39. Qxe3 Bc6 40. Bxc6 Rxc6
41. Rd1 Kf7 42. Rhd4 Kg6 43. h4 Rc7 44. Rd6 Kf7 45. b4 Rh8 46. b5 axb5 47. axb5
b6 48. Qxb6 Rhc8 49. Rc6 Rxc6 50. bxc6 Rc7 51. Rd6 f4 52. Qf2 Kg6 53. Qxf4 Qf7
54. Qxf7+ 1-0

[Event "Thüringenliga 2013/2014"]
[Site "?"]
[Date "2013.10.20"]
[Round "2"]
[White "Fuhrmann, Christian"]
[Black "Töpfer, Albrecht"]
[Result "0-1"]
[WhiteElo "1798"]
[BlackElo "1913"]
[PlyCount "104"]
[EventDate "2013.??.??"]
[WhiteTeam "SC Suhl"]
[BlackTeam "Ilmenauer SV"]

1. d4 Nf6 2. c4 g6 3. Nc3 Bg7 4. e4 d6 5. f3 Nbd7 6. Be3 c5 7. d5 O-O 8. Qd2
Ne5 9. b3 Qa5 10. Nge2 a6 11. Rc1 b5 12. Ng3 Bd7 13. h3 bxc4 14. bxc4 Ba4 15.
f4 Ned7 16. Bd3 Rab8 17. O-O Rb7 18. Rb1 Rfb8 19. Rxb7 Rxb7 20. Nxa4 Qxa4 21.
Ne2 Qa3 22. Rb1 Rxb1+ 23. Bxb1 Nb6 24. Qc1 Nxc4 25. Bd2 Qxc1+ 26. Bxc1 Nd7 27.
Bd3 Ndb6 28. Kf2 a5 29. Ke1 e6 30. dxe6 fxe6 31. Kd1 Nb2+ 32. Bxb2 Bxb2 33. Kc2
Bg7 34. Ng3 Kf7 35. Bb5 h5 36. f5 h4 37. fxg6+ Kxg6 38. Ne2 Be5 39. Kd3 d5 40.
exd5 exd5 41. Ke3 Kf5 42. Bd3+ Kg5 43. Bb5 Bf6 44. Nf4 Kf5 45. Bd3+ Ke5 46.
Ng6+ Kd6 47. g3 c4 48. Bf1 hxg3 49. h4 d4+ 50. Kd2 Nd5 51. h5 Bg5+ 52. Ke1 d3
0-1

[Event "Thüringenliga 2013/2014"]
[Site "?"]
[Date "2013.10.20"]
[Round "2"]
[White "Falk, Kristoffer"]
[Black "Will, Ralph"]
[Result "0-1"]
[WhiteElo "1864"]
[BlackElo "1757"]
[PlyCount "118"]
[EventDate "2013.??.??"]
[WhiteTeam "Ilmenauer SV"]
[BlackTeam "SC Suhl"]

1. d4 Nf6 2. Nf3 e6 3. g3 b6 4. Bg2 Bb7 5. O-O Be7 6. c4 d5 7. Nc3 O-O 8. b3
Nbd7 9. Bb2 Rc8 10. Nd2 c5 11. cxd5 exd5 12. Re1 Re8 13. Nf1 Nf8 14. Qd2 Qd7
15. Rad1 Rcd8 16. e3 Ne6 17. Qc1 cxd4 18. exd4 Bf8 19. Ba3 Bxa3 20. Qxa3 a6 21.
Ne3 g6 22. Qb2 Qd6 23. a3 Rc8 24. b4 Red8 25. Qb3 Nc7 26. Bh3 Ne6 27. Bg2 Nc7
28. Bh3 Ne6 29. f4 Rc7 30. Rf1 Re7 31. Rf3 Rde8 32. Ne2 Ne4 33. Bxe6 Rxe6 34.
g4 R6e7 35. g5 f6 36. gxf6 Nxf6 37. f5 g5 38. Nc3 Kg7 39. Ne2 Re4 40. Ng3 Rf4
41. Ng2 Rxf3 42. Qxf3 h6 43. Ne3 Qf4 44. Qxf4 gxf4 45. Ng2 fxg3 46. hxg3 Ng4
47. Rc1 Kf6 48. Rc7 Re7 49. Rc1 Kxf5 50. Nh4+ Ke6 51. Rc3 Kd7 52. Rf3 Bc8 53.
Rf4 Kc6 54. Ng6 Re4 55. Rf8 Bd7 56. Rf3 Rxd4 57. Rc3+ Kd6 58. Kg2 Rd2+ 59. Kf1
Bf5 0-1

[Event "Thüringenliga 2013/2014"]
[Site "?"]
[Date "2013.10.20"]
[Round "2"]
[White "Müller, Bernd"]
[Black "Leuner, Klaus"]
[Result "0-1"]
[WhiteElo "1721"]
[BlackElo "1875"]
[PlyCount "56"]
[EventDate "2013.??.??"]
[WhiteTeam "SC Suhl"]
[BlackTeam "Ilmenauer SV"]

1. e4 c5 2. Nf3 d6 3. d4 cxd4 4. Nxd4 Nf6 5. Nc3 a6 6. Bc4 e6 7. Be3 Be7 8. f3
O-O 9. Qd2 Qc7 10. Bb3 Nc6 11. O-O-O b5 12. g4 Ne5 13. h4 Nc4 14. Qf2 Bd7 15.
h5 Rac8 16. Rd3 b4 17. Nce2 a5 18. c3 a4 19. Bc2 Qa5 20. g5 Ne8 21. g6 fxg6 22.
hxg6 Nxe3 23. Rxh7 Ng4 24. Qg3 Qg5+ 25. Nf4 Rxf4 26. Kb1 Nh6 27. Qh2 Rh4 28. f4
Qxg6 0-1

[Event "Thüringenliga 2013/2014"]
[Site "?"]
[Date "2013.10.20"]
[Round "2"]
[White "Langheinrich, Ferenc"]
[Black "Siebarth, Raiko"]
[Result "1/2-1/2"]
[WhiteElo "2393"]
[BlackElo "2249"]
[PlyCount "52"]
[EventDate "2013.??.??"]
[WhiteTeam "ESV Lok Sömmerda"]
[BlackTeam "SG Blau-Weiß Stadtilm"]

1. Nf3 Nf6 2. c4 g6 3. Nc3 Bg7 4. d4 O-O 5. Bg5 d6 6. e3 Nbd7 7. h3 c6 8. Be2
Qc7 9. O-O Re8 10. b4 e5 11. Rc1 Nf8 12. d5 h6 13. Bxf6 Bxf6 14. Ne4 Be7 15. c5
Rd8 16. cxd6 Bxd6 17. Nxd6 Rxd6 18. Qb3 Qe7 19. dxc6 bxc6 20. Rc5 Nd7 21. Ra5
Kg7 22. Rc1 f6 23. a4 Nb6 24. e4 Be6 25. Qc3 Rad8 26. Qa1 Nc4 1/2-1/2

[Event "Thüringenliga 2013/2014"]
[Site "?"]
[Date "2013.10.20"]
[Round "2"]
[White "Schneider, Christian"]
[Black "Wanzek, Daniel"]
[Result "1-0"]
[WhiteElo "2179"]
[BlackElo "2071"]
[PlyCount "73"]
[EventDate "2013.??.??"]
[WhiteTeam "SG Blau-Weiß Stadtilm"]
[BlackTeam "ESV Lok Sömmerda"]

1. c4 e5 2. Nc3 Nc6 3. g3 g6 4. Bg2 Bg7 5. e3 d6 6. Nge2 f5 7. O-O Nf6 8. d4 e4
9. f3 exf3 10. Bxf3 O-O 11. Nf4 Ne7 12. Qd3 Kh8 13. Bd2 c6 14. d5 g5 15. Ne6
Bxe6 16. dxe6 Ne8 17. e4 f4 18. Bh5 Be5 19. gxf4 gxf4 20. Bf7 Ng6 21. Qh3 Ng7
22. Kh1 Qh4 23. Rf3 Qf6 24. Rg1 Rxf7 25. exf7 Qxf7 26. b3 Ne6 27. Ne2 Nc5 28.
Qh5 Rf8 29. Ng3 Qe6 30. b4 fxg3 31. Rxf8+ Nxf8 32. bxc5 gxh2 33. Rf1 Ng6 34.
cxd6 Qxc4 35. Qf5 Bxd6 36. Bh6 Qg8 37. Qf6+ 1-0

[Event "Thüringenliga 2013/2014"]
[Site "?"]
[Date "2013.10.20"]
[Round "2"]
[White "Siegemund, Joachim"]
[Black "Siebarth, Marco"]
[Result "0-1"]
[WhiteElo "2000"]
[BlackElo "1977"]
[PlyCount "74"]
[EventDate "2013.??.??"]
[WhiteTeam "ESV Lok Sömmerda"]
[BlackTeam "SG Blau-Weiß Stadtilm"]

1. c4 c6 2. d4 d5 3. e3 Nf6 4. Nf3 e6 5. Nbd2 Nbd7 6. Bd3 Be7 7. O-O O-O 8. b3
b6 9. Bb2 Bb7 10. Qe2 Rc8 11. e4 c5 12. e5 Nh5 13. Qe3 g6 14. Rad1 Ng7 15. Rfe1
Re8 16. Bb1 Nf5 17. Bxf5 gxf5 18. Qf4 Nf8 19. dxc5 Ng6 20. Qh6 Bf8 21. Qg5 Qxg5
22. Nxg5 Bxc5 23. cxd5 Bxd5 24. Nf1 Red8 25. Ng3 Nf4 26. Bc1 Nxg2 27. Re2 Nh4
28. Nh5 Be7 29. f4 h6 30. Ba3 Bxa3 31. Nf6+ Kf8 32. Ngh7+ Ke7 33. Nxd5+ Rxd5
34. Rxd5 exd5 35. Nf6 Ke6 36. Kf2 Ng6 37. Ke3 Bc1+ 0-1